书目信息 |
| 题名: |
技术业务理论
|
|
| 作者: | 河北省人事厅 编 | |
| 分册: | ||
| 出版信息: | 石家庄 花山文艺出版社 2004 |
|
| 页数: | 496页 | |
| 开本: | 26cm | |
| 丛书名: | ||
| 单 册: | ||
| 中图分类: | C975 | |
| 科图分类: | ||
| 主题词: | 社会科学 | |
| 电子资源: | ||
| ISBN: | 7-80673-429-5 | |
| 000 | 00658nam0 2200217 450 | |
| 001 | 0759454759 | |
| 005 | 20070725084842.43 | |
| 010 | @a7-80673-429-5@dCNY64.00 | |
| 100 | @a20070721d2004 km y0chiy0120 ea | |
| 101 | 0 | @achi |
| 102 | @aCN@b130000 | |
| 200 | 1 | @a技术业务理论@Aji shu ye wu li lun@e交通@f河北省人事厅编@Fhe bei sheng ren shi ting bian |
| 210 | @a石家庄@c花山文艺出版社@d2004@h2006 | |
| 215 | @a496页@d26cm | |
| 300 | @a机关事业单位工人技师培训考核教材 | |
| 517 | 1 | @a交通@Ajiao tong |
| 606 | 0 | @a社会科学 |
| 690 | @aC975@v3 | |
| 701 | 0 | @a河北省人事厅@Ahe bei sheng ren shi ting@4编 |
| 801 | 0 | @aCN@bPFT@c20070725 |
| 905 | @a10447@dC975@e55 | |
| 技术业务理论:交通/河北省人事厅编.-石家庄:花山文艺出版社,2004(2006) |
| 496页;26cm |
| 机关事业单位工人技师培训考核教材 |
| ISBN 7-80673-429-5:CNY64.00 |
| ● |
| 相关链接 |
|
|
|
|
正题名:技术业务理论
索取号:C975/55
 
预约/预借
| 序号 | 登录号 | 条形码 | 馆藏地/架位号 | 状态 | 备注 |
| 1 | 0766336 | 207663367 | 第一样本阅览室/ [索取号:C975/55] | 在馆 |